[Event "Raisoni Memorial op U15"]
[Site "Nagpur"]
[Date "2012.09.17"]
[Round "1"]
[White "Dhiren, T."]
[Black "Ghosh, Diptayan"]
[Result "0-1"]
[WhiteElo "1632"]
[BlackElo "2417"]
[PlyCount "68"]
[EventDate "2012.09.17"]
[EventType "swiss"]
[EventRounds "11"]
[EventCountry "IND"]
[SourceTitle "CBM 150 Extra"]
[Source "ChessBase"]
[SourceDate "2012.10.19"]
[SourceVersion "1"]
[SourceVersionDate "2012.10.19"]
[SourceQuality "1"]

1. d4 d5 2. Nf3 Nf6 3. Bf4 c5 4. dxc5 Nc6 5. c3 a5 6. Na3 Nh5 7. Bg5 h6 8. Bh4 g5 9. Bg3 g4 10. Nd4 Nxg3 11. hxg3 e5 12. Nxc6 bxc6 13. Qd2 Qf6 14. e4 Bxc5 15. exd5 cxd5 16. Bb5+ Ke7 17. Nc2 Be6 18. b4 Bb6 19. a4 h5 20. bxa5 Bxa5 21. Nb4 Kf8 22. Nxd5 Bxd5 23. Qxd5 Bxc3+ 24. Ke2 Kg7 25. Rac1 Rhd8 26. Bd7 Bd4 27. Rhf1 Ra7 28. Rc6 Raxd7 29. Rxf6 Rxd5 30. Ra6 R5d6 31. Ra5 Bb6 32. Rxe5 Rd2+ 33. Ke1 Rd1+ 34. Ke2 R8d2# 0-1